A Protestant dictionary.

Bibliographic Details
Main Author: Ferm, Vergilius, 1896-1974
Format: Book
Language:English
Published: New York : Philosophical Library, [1951]
Subjects:

MARC

Tag First Indicator Second Indicator Subfields
LEADER 00000cam a2200000 4500
001 in00000060996
005 20151008051052.0
008 740422s1951 eng u
010 |a  51014412  
035 |a (OCoLC)00863740 
035 |9 AAG5466AM 
040 |c CPL  |d TXA  |d UtOrBLW 
049 |a TXAM  |c [202327] 
050 0 |a BR95  |b .F37 
082 0 |a 203 
092 |a 203  |b F358p 
100 1 |a Ferm, Vergilius,  |d 1896-1974. 
245 1 2 |a A Protestant dictionary. 
264 1 |a New York :  |b Philosophical Library,  |c [1951] 
300 |a 283 pages ;  |c 22 cm. 
336 |a text  |b txt  |2 rdacontent 
337 |a unmediated  |b n  |2 rdamedia 
338 |a volume  |b nc  |2 rdacarrier 
650 0 |a Theology  |v Dictionaries. 
650 0 |a Protestantism  |x Dictionaries. 
999 |a MARS 
999 f f |s 0c958d6c-a77e-3ec6-8a91-989b4660db43  |i 3113053f-c478-3571-ae9e-e4257b00ea74  |t 0 
952 f f |p ric  |a Texas A&M University  |b Rellis Campus  |c Joint Library Facility  |d Remote Storage  |t 0  |e BR95 .F37  |h Library of Congress classification  |i unmediated -- volume  |m A14800598806 
998 f f |a BR95 .F37  |t 0  |l Remote Storage